000 00787nam a22002777a 4500
003 CHAP
005 20220329134708.0
008 971013s1950 r 00010 d
010 _a24334
011 _a25306
035 _a29406
040 _cCHAP
090 _aFolleto 5082
110 _aComisión Nacional del Maíz. México
_925814
245 _aCultivo del maíz
260 _aMéxico, D. F. :
_bLa Comisión,
_c1950
300 _a114 p.
590 _aBATCH-UPD
_b10
_c20130110
_lUCH01
_h1125
590 _aBATCH-UPD
_b10
_c20130410
_lUCH01
_h0715
590 _aBATCH-UPD
_b10
_c20130914
_lUCH01
_h1746
590 _aCONVERSION
_b10
_c20130109
_lUCH01
_h1314
650 1 4 _aMaíz.
_970848
901 _aBK
942 _cFOLL
949 _aFolleto 5082
_bBC
_cFOLL
_d-67980
_eTS1
_i29406
_si
999 _c24334
_d24334